| 000 | 01815nam a22002057a 4500 | ||
|---|---|---|---|
| 005 | 20260404125250.0 | ||
| 008 | 260404b |||||||| |||| 00| 0 eng d | ||
| 020 |
_a9781840646887 _qhbk |
||
| 041 | _aeng | ||
| 082 |
_a305.5609 _bMAY |
||
| 245 |
_aSocial Exclusion and European Policy _c/ David G. Mayes , Jos Berghman , Robert Salais , I. Begg , L. Carmichael , Y. Chassard , T. Choffe, D. Fourage, D. Hudson , Kongshoj P. Madsen, |
||
| 260 |
_bEdward Elgar Pub _c2001. |
||
| 300 |
_a250 pages.: _c22 cm. |
||
| 504 | _aindex | ||
| 520 | _aThe purpose of this book is to analyse one of the most pressing social problems of recent years, namely exclusion. The authors bring a richness of perspective, drawing on the experiences of eight European countries and a range of disciplines from law and economics through to social policy and political studies. The EU is a special case worthy of study as it may be that the process of integration actually generates both problems and solutions to social exclusion. The authors focus on what can be achieved by European countries working together and pooling experiences. They show that not only is social exclusion ill-defined but that there are many differing concepts of social exclusion across Europe reflected in health, education, housing and employment. The book reveals the need for a strong dynamic element in policy, producing early and focused action for individuals and groups in society. While rejecting the need for transfers of income between countries, Social Exclusion and European Policy discusses whether there is something extra to be done at the EU level that cannot currently be carried out by member states or through existing co-operation. | ||
| 650 | _asociology | ||
| 700 | _aM. Matsaganis | ||
| 700 | _aK. Langhoff Roos | ||
| 942 | _cREF | ||
| 999 |
_c618620 _d618620 |
||